100 Biggest Cities in the Inland Northwest on a Map - Statistics

General Stats
  • This quiz has been taken 43 times
  • The average score is 23 of 100
Answers on the Map
Answers color-coded by a green-red scale on the quiz's map according to % correct below.
 
Answer Stats
Population City % Correct
230,609 Spokane
100%
97,390 Yakima
82%
57,355 Coeur d'Alene
77%
78,204 Missoula
77%
108,267 Spokane Valley
72%
26,894 Moscow
56%
33,901 Walla Walla
56%
86,728 Kennewick
54%
31,296 Kalispell
51%
81,724 Pasco
49%
33,543 Pullman
49%
64,372 Richland
49%
34,693 Lewiston
44%
35,401 Wenatchee
41%
10,444 Sandpoint
38%
9,256 Whitefish
36%
5,009 Colville
33%
14,330 East Wenatchee
33%
19,746 Hermiston
33%
26,969 Moses Lake
33%
17,026 Pendleton
33%
45,800 Post Falls
31%
12,700 Cheney
28%
20,996 Ellensburg
28%
13,058 La Grande
28%
2,908 Leavenworth
28%
2,788 Bonners Ferry
26%
5,167 Omak
26%
11,950 Airway Heights
23%
4,462 Chelan
23%
16,924 Hayden
23%
2,489 Okanogan
23%
7,899 Umatilla
23%
7,138 Clarkston
21%
2,692 Colfax
21%
9,846 College Place
21%
5,713 Columbia Falls
21%
3,627 Grangeville
21%
5,383 Hamilton
21%
5,003 Medical Lake
21%
2,235 Newport
21%
18,820 West Richland
21%
2,471 Dayton
18%
2,465 Kellogg
18%
9,001 Othello
18%
6,540 Prosser
18%
12,626 Rathdrum
18%
2,123 Union
18%
3,333 Cashmere
15%
2,687 Chewelah
15%
2,083 Enterprise
15%
8,718 Ephrata
15%
3,525 Goldendale
15%
3,325 Libby
15%
13,353 Liberty Lake
15%
7,011 Milton-Freewater
15%
1,911 Oroville
15%
2,011 Ponderay
15%
1,847 Priest River
15%
16,317 Sunnyside
15%
3,123 Zillah
15%
3,876 Benton City
13%
2,090 Brewster
13%
2,498 Dalton Gardens
13%
1,805 Davenport
13%
4,383 Deer Park
13%
3,285 Orofino
13%
5,631 Polson
13%
8,294 Quincy
13%
1,709 Ritzville
13%
1,780 Soap Lake
13%
2,465 Spirit Lake
13%
8,658 Toppenish
13%
6,582 Union Gap
13%
2,261 Bridgeport
10%
2,276 Cle Elum
10%
3,789 Granger
10%
1,649 Kettle Falls
10%
1,960 Mabton
10%
1,784 Pinehurst
10%
2,236 Stevensville
10%
2,487 St. Maries
10%
2,605 White Salmon
10%
5,071 Connell
8%
11,599 Grandview
8%
1,841 Millwood
8%
4,791 Moxee
8%
8,653 Selah
8%
4,492 Wapato
8%
4,345 Boardman
5%
1,694 Elgin
5%
2,014 Irrigon
5%
1,678 Osburn
5%
2,182 Ronan
5%
1,610 Tieton
5%
2,806 Warden
5%
3,784 Mattawa
3%
1,722 Rock Island
3%
1,907 Royal City
3%
2,118 Stanfield
3%
No matching quizzes found
Score Distribution
Percent of People with Each Score
Percentile by Number Answered
Your Score History
You have not taken this quiz